Performing governance: a partnership board dramaturgy (Record no. 77559)

000 -LEADER
fixed length control field 01390pab a2200169 454500
008 - FIXED-LENGTH DATA ELEMENTS--GENERAL INFORMATION
fixed length control field 180718b2007 xxu||||| |||| 00| 0 eng d
100 ## - MAIN ENTRY--PERSONAL NAME
Personal name Freeman, Tim
245 ## - TITLE STATEMENT
Title Performing governance: a partnership board dramaturgy
260 ## - PUBLICATION, DISTRIBUTION, ETC.
Date of publication, distribution, etc. 2007
300 ## - PHYSICAL DESCRIPTION
Extent p.907-29.
520 ## - SUMMARY, ETC.
Summary, etc. This paper explores the governance of complex public sector partnerships through a detailed case study of a Joint Commissioning Partnership Board (JCPB) in the South East of England. It argues that a theoretical and empirical focus on the instrumental roles of boards has resulted in an under-appreciation of their symbolic purposes, especially in the context of the governance of inter-organizational relationships. The paper considers the performative dimension of partnership governance, highlighting the role of the symbolic in institutional enactment. Following a brief overview of governance in public sector partnerships, the case study site for the empirical reconsidered from a new institutionalist perspective and a dramaturgical analysis of institutional enactment undertaken to explore interplays of the symbolic and instrumental in strategy formation. Some implications for our understanding of the symbolic in partnership governance are discussed. - Reproduced.
650 ## - SUBJECT ADDED ENTRY--TOPICAL TERM
Topical term or geographic name entry element Public administration
700 ## - ADDED ENTRY--PERSONAL NAME
Personal name Peck, Edward
773 ## - HOST ITEM ENTRY
Main entry heading Public Administration
908 ## - PUT COMMAND PARAMETER (RLIN)
Put command parameter N
909 ## -
-- 77559
Holdings
Withdrawn status Lost status Damaged status Not for loan Permanent Location Current Location Date acquired Serial Enumeration / chronology Barcode Date last seen Price effective from Koha item type
        Indian Institute of Public Administration Indian Institute of Public Administration 2018-07-19 Volume no: 85, Issue no: 4 AR78019 2018-07-19 2018-07-19 Articles

Powered by Koha